000 00546nam a2200193Ia 4500
005 20250317125443.0
008 008 250317s9999 xx 000 0 eng d
020 _a81-7041-983-2
037 _aTextbook
040 _aFMSL
_beng
_cFMSL
041 _aeng
_2eng
084 _aX65.1 N4
_qFMSL
100 _aBhalla V.k.
245 0 _aForeign investment and new economic policy
260 _aNew Delhi
_bNew Delhi, Anmol publication
_c1994
300 _a326p
942 _cTB
_hX65.1 N4
999 _c1259525
_d1259525